Assessing business excellence : (Record no. 347853)
[ view plain ]
| 000 -LEADER | |
|---|---|
| fixed length control field | 00896 a2200181 4500 |
| 020 ## - INTERNATIONAL STANDARD BOOK NUMBER | |
| International Standard Book Number | 0750624795 (hardcover) |
| 020 ## - INTERNATIONAL STANDARD BOOK NUMBER | |
| International Standard Book Number | 9780750624794 (hardcover) |
| 082 04 - DEWEY DECIMAL CLASSIFICATION NUMBER | |
| Classification number | 658.562 |
| 090 ## - LOCALLY ASSIGNED LC-TYPE CALL NUMBER (OCLC); LOCAL CALL NUMBER (RLIN) | |
| -- | 5445 |
| -- | 5445 |
| 100 1# - MAIN ENTRY--PERSONAL NAME | |
| Personal name | Porter, Leslie J. |
| 245 10 - TITLE STATEMENT | |
| Title | Assessing business excellence : |
| Remainder of title | a guide to self-assessment / |
| Statement of responsibility, etc. | Leslie J. Porter, S. J. Tanner. |
| 260 ## - PUBLICATION, DISTRIBUTION, ETC. | |
| Place of publication, distribution, etc. | [S.l.] : |
| Name of publisher, distributor, etc. | Butterworth-Heinemann, |
| Date of publication, distribution, etc. | 1996. |
| 300 ## - PHYSICAL DESCRIPTION | |
| Extent | 278 p. ; |
| Dimensions | 25 cm. |
| 520 ## - SUMMARY, ETC. | |
| Summary, etc. | A text for those who seek to use Total Quality Management to improve their organization's effectiveness, efficiency and responsiveness. The book introduces the major business excellence and total quality frameworks, compares these frameworks and explores the main approaches to self-assessment. |
| 700 1# - ADDED ENTRY--PERSONAL NAME | |
| Personal name | Tanner, S. J. |
| 856 40 - ELECTRONIC LOCATION AND ACCESS | |
| Materials specified | Amazon.com |
| Uniform Resource Identifier | <a href="http://www.amazon.com/exec/obidos/ASIN/0750624795/chopaconline-20">http://www.amazon.com/exec/obidos/ASIN/0750624795/chopaconline-20</a> |
| 942 ## - ADDED ENTRY ELEMENTS (KOHA) | |
| Institution code [OBSOLETE] | NBS |
| Koha item type | Book |
| Call number prefix | 658.4013 POR |
| Withdrawn status | Lost status | Damaged status | Not for loan | Permanent Location | Current Location | Date acquired | Total Checkouts | Full call number | Barcode | Date last seen | Price effective from | Koha item type |
|---|---|---|---|---|---|---|---|---|---|---|---|---|
| Central Library (CL) | Central Library (CL) | 08/28/2013 | 658.4013 POR | NBS863 | 08/28/2013 | 08/28/2013 | Book | |||||
| Central Library (CL) | Central Library (CL) | 08/28/2013 | 658.4013 POR | NBS862 | 08/28/2013 | 08/28/2013 | Book |
